000 00876nam a2200241Ia 4500
999 _c55368
_d55368
001 22446
003 GE_BSU
005 20250826181625.0
008 181216s2016||||enk|||||||||||||| ||eng||
020 _a9789941091520
040 _cGE_BSU
041 _aeng
080 _a314+316.356.2 P-93
245 _aProblems of Demography and Sociology :
_b collection of works (2012-2015) /
_cIlia State University, Institute of Demography and Sociology ; editor Avtandil Sulaberidze.
264 _aTbilisi,
_c2016.
300 _a190 p. :
_btab. ;
_c20 cm.
541 _h5 ლ.
653 _aProblems of Demography and Sociology
653 _acollection of works (2012-2015)
653 _aსაქართველოს დემოგრაფია
653 _aოჯახის სოციოლოგია საქართველოში
942 _cBK
_2udc